[Event "BCF-ch 86th"]
[Site "Scarborough"]
[Date "1999.08.02"]
[Round "2"]
[White "Gormally, Daniel"]
[Black "Ledger, David"]
[Result "1-0"]
[WhiteElo "2476"]
[BlackElo "2240"]

1.d4 d5 2.c4 e6 3.Nf3 Nf6 4.g3 Be7 5.Bg2 O-O 6.O-O b6 7.Nc3 Bb7 8.Ne5 Nbd7
9.Qa4 c6 10.Nxc6 Bxc6 11.Qxc6 Rc8 12.Qb5 Rxc4 13.e3 Bb4 14.Ne2 Qc8 15.Qa4 a6
16.Qd1 Qc7 17.a3 Bd6 18.Qd3 b5 19.Bd2 Rc8 20.Rfc1 Qb7 21.b3 Rxc1+ 22.Bxc1 Nb6
23.Bb2 Qd7 24.f3 Qe7 25.a4 bxa4 26.Qxa6 Nfd7 27.bxa4 Rc2 28.Bc1 Nc4 29.Bf1 e5
30.Qa8+ Nf8 31.Qxd5 exd4 32.exd4 Bb4 33.Qe4 Qxe4 34.fxe4 Ba5 35.Rb1 Bb6 36.Kh1 h6
37.a5 Bxa5 38.Rb8 Bd2 39.Rb1 Ne3 40.Kg1 Ne6 41.Ba3 Ng5 42.d5 Nf3+ 43.Kf2 Nxh2
44.Bh3 Nhg4+ 45.Kg1 Ne5 46.d6 N3c4 47.Bc5 Ba5 48.Nd4 Rd2 49.d7 Kh7 50.Ra1 Bc3
51.d8=Q Bxd4+ 52.Kh1 Nf3 53.Bf5+ g6 54.Bxg6+ Kxg6 55.Qg8+ Kh5 56.Qxf7+ Kg4
57.Qf4+ Kh3 58.Qxh6+ Kxg3 59.Bxd4 Rh2+ 60.Qxh2+ Nxh2 61.Rc1  1-0

[Event "BCF-ch 86th"]
[Site "Scarborough"]
[Date "1999.08.02"]
[Round "2"]
[White "Farndon, David Alexander"]
[Black "Lim Chin Lee"]
[Result "1-0"]
[WhiteElo "2238"]
[BlackElo "2110"]

1.Nf3 d5 2.c4 e6 3.d4 Nf6 4.g3 Be7 5.Bg2 O-O 6.O-O c6 7.b3 b6 8.Qc2 dxc4
9.bxc4 Bb7 10.Rd1 Qc8 11.Nc3 Rd8 12.e4 Na6 13.e5 Ne8 14.Bg5 Qc7 15.Rac1 Rac8
16.Qe4 h6 17.Bxe7 Qxe7 18.Qb1 Qb4 19.Qxb4 Nxb4 20.a3 Na6 21.Ne1 Rc7 22.Rd3 Rcd7
23.Rcd1 Nb8 24.R3d2 Ba6 25.Bf1 c5 26.d5 Kf8 27.f4 Nc6 28.Nf3 Ne7 29.d6 Nf5
30.Kf2 Bb7 31.Be2 g6 32.g4 Nfg7 33.Nb5 Bc6 34.Ke3 f5 35.h3 fxg4 36.hxg4 h5
37.Ng5 Rc8 38.Nc3 hxg4 39.Bxg4 Nf5+ 40.Bxf5 gxf5 41.Rh2 Kg8 42.Nxe6 Ng7 43.Rg1 Re8
44.Nc7 Rc8 45.N3d5 Bxd5 46.cxd5 Rcxc7 47.dxc7 Rxc7 48.d6 Rd7 49.Rhg2 Kf8
50.Rxg7 Rxg7 51.Rxg7 Kxg7 52.d7  1-0

[Event "BCF-ch 86th"]
[Site "Scarborough"]
[Date "1999.08.03"]
[Round "3"]
[White "Davies, Nigel R"]
[Black "Waters, Clive L"]
[Result "1-0"]
[WhiteElo "2518"]
[BlackElo "2158"]

1.d4 e6 2.c4 d5 3.Nf3 Nf6 4.g3 Be7 5.Bg2 O-O 6.Qc2 c6 7.O-O Nbd7 8.b3 Ne4
9.e3 b5 10.Ne1 Nd6 11.c5 Ne8 12.e4 f5 13.exd5 exd5 14.Nc3 Ndf6 15.Nd3 Nc7
16.Re1 Ne4 17.Ne2 Bd7 18.a4 a5 19.axb5 Nxb5 20.Ra4 Be8 21.f3 Ng5 22.Nef4 Bd7
23.Ne5 Bf6 24.Nxd5 cxd5 25.Bxg5 Bxg5 26.f4 Nc7 27.Nxd7 Qxd7 28.fxg5 f4 29.Qd3 Qg4
30.gxf4 Qxf4 31.Qe3 Qh4 32.Qg3 Qxg3 33.hxg3 Rab8 34.Re7 Nb5 35.Bxd5+ Kh8
36.Bf7 Rbd8 37.d5 Nc3 38.Rf4  1-0

[Event "MK Cafe Cup-A"]
[Site "Koszalin"]
[Date "1999.08.05"]
[Round "3"]
[White "Filippov, Valerij"]
[Black "Sulskis, Sarunas"]
[Result "1/2-1/2"]
[WhiteElo "2605"]
[BlackElo "2521"]

1.Nf3 d5 2.d4 Nf6 3.c4 e6 4.g3 Be7 5.Bg2 O-O 6.O-O dxc4 7.Qc2 a6 8.a4 c5
9.Nbd2 cxd4 10.Nxc4 Nc6 11.Rd1 Nd5 12.Nxd4 Ndb4 13.Nxc6 Nxc2 14.Nxd8 Nxa1
15.Nxb7 Bxb7 16.Bxb7 Rad8 17.Rf1 Nb3 18.Bxa6 Ra8 19.Bb5 Nd4 20.Be3 Nxb5 21.axb5 Rfb8
22.b6 Rb7 23.Rb1 Bb4 24.Bf4 h5 25.Bc7 h4 26.gxh4 Rc8 27.Rd1 Kh7 28.Kg2 Be7
29.h5 Rcxc7 30.bxc7 Rxc7 31.b3 Rb7 32.Rd3 Kh6 33.f4 f6 34.Re3 Bc5 35.Rxe6 Rxb3
36.Rc6 Rb5 37.Rc7 Bb4 38.e4 Rc5 39.Rxc5 Bxc5 40.Kf3 Kxh5 41.Ne3 Kg6 42.Nf5 Kf7
43.Kg4 Bg1 44.h3 Bc5 45.Nh4 Bf2 46.Nf3 Bc5 47.Ne1 Bf2 48.Nd3 Be3 49.f5 Bb6
50.Nf4 Bc7 51.Kf3 Bd6 52.Ke3 Be5 53.Ng6 Bc7 54.Kd4 Bb8 55.Kc5 Bg3 56.Kd5 Bh2
57.Kc6 Ke8 58.Nh4 Ke7 59.Nf3 Bf4 60.Nd4 Be3 61.Ne6 g6 62.Nc7 Kf7 63.Kd7 gxf5
64.exf5 Bd4 65.Nb5 Bb2 66.Nd6+ Kf8 67.Ke6 Bd4 68.Nb5 Bb2 69.Nc7 Be5 70.Nd5 Kg7
71.Ne3 Bc3 72.Ng4 Bd4 73.h4 Bc3 74.h5 Bb2 75.Nxf6 Kh6 76.Ng4+ Kxh5 77.Ne5 Kh6
78.f6 Kh7 79.f7 Kg7  1/2-1/2

[Event "Petermaennchen GM"]
[Site "Schwerin"]
[Date "1999.08.10"]
[Round "2"]
[White "Ellers, Holger"]
[Black "Zagrebelny, Sergey"]
[Result "1/2-1/2"]
[WhiteElo "2426"]
[BlackElo "2521"]

1.d4 Nf6 2.c4 e6 3.g3 d5 4.Bg2 Be7 5.Nf3 O-O 6.O-O dxc4 7.Qc2 a6 8.Qxc4 b5
9.Qc2 Bb7 10.Bg5 Be4 11.Qc1 Bb7 12.Qc2 Be4 13.Qc1 Bb7  1/2-1/2

[Event "NED U20 op"]
[Site "Hengelo"]
[Date "1999.08.13"]
[Round "7"]
[White "Van Beek, Lucien"]
[Black "Span, Paul"]
[Result "1-0"]
[WhiteElo "2326"]
[BlackElo "2226"]

1.d4 Nf6 2.c4 e6 3.g3 d5 4.Bg2 Be7 5.Nf3 O-O 6.O-O c6 7.b3 b6 8.Bb2 Bb7 9.Nc3 Nbd7
10.Qc2 Rc8 11.e4 dxe4 12.Nxe4 Qc7 13.Rfe1 c5 14.Nxf6+ Bxf6 15.Rad1 cxd4 16.Bxd4 Rfd8
17.Be3 Nf8 18.Nd4 Bxg2 19.Kxg2 Rd7 20.Qe4 Qd8 21.Rd2 Bxd4 22.Rxd4 Rxd4 23.Qxd4 Qxd4
24.Bxd4 Rd8 25.Bc3 Rd3 26.Rc1 Nd7 27.Kf1 e5 28.Ke2 e4 29.b4 f5 30.Bb2 Nb8
31.c5 bxc5 32.Rxc5 Na6 33.Rc8+ Kf7 34.b5 Nb4 35.Rc7+ Ke6 36.Rxa7 f4 37.gxf4 Nd5
38.Rxg7 Nxf4+ 39.Ke1 Rd5 40.Bc3 Rxb5 41.Rxh7 Nd3+ 42.Kf1 Rb1+ 43.Ke2 Nc1+
44.Ke3 Nxa2 45.Bd2 Rb2 46.Rh4 Kd5 47.Rh5+ Ke6 48.Rh6+ Kf5 49.Rh5+ Ke6 50.Rh6+ Kf5
51.Rc6 Rb3+ 52.Ke2 Rb2 53.Rc4 Ke5 54.h4 Kd5 55.Rc8 Kd4 56.h5 Rb1 57.h6 Rh1
58.Rc7 Rh2 59.h7 Ke5 60.Ra7 Kf5 61.Rxa2 Rxh7 62.Ra5+ Ke6 63.Bc3 Rc7 64.Bd4  1-0

[Event "MK Cafe Cup-A"]
[Site "Koszalin"]
[Date "1999.08.13"]
[Round "10"]
[White "Ulibin, Mikhail"]
[Black "Brodsky, Michail"]
[Result "1/2-1/2"]
[WhiteElo "2562"]
[BlackElo "2512"]

1.Nf3 Nf6 2.c4 e6 3.g3 d5 4.Bg2 Be7 5.d4 O-O 6.O-O dxc4 7.Qc2 a6 8.a4 Bd7
9.Qxc4 Bc6 10.Bg5 a5 11.Nc3 Na6 12.Bxf6 Bxf6 13.e4 Nb4 14.Rfd1  1/2-1/2

[Event "Petermaennchen GM"]
[Site "Schwerin"]
[Date "1999.08.14"]
[Round "8"]
[White "Levin, Felix"]
[Black "Doettling, Fabian"]
[Result "1/2-1/2"]
[WhiteElo "2531"]
[BlackElo "2475"]

1.d4 d5 2.c4 e6 3.Nf3 Nf6 4.g3 Be7 5.Bg2 O-O 6.Qc2 c6 7.O-O b5 8.b3 Nbd7
9.c5 a5 10.Nbd2 b4 11.a3 Ba6 12.Re1 Qc7 13.Bb2 bxa3 14.Rxa3 Bb5 15.Bc3 Ra7
16.e3 Rfa8 17.Rea1 Bd8 18.h3 Qb7 19.Ne1 Bc7 20.f4 Ra6 21.Nd3 Qc8 22.Nb2 g6
23.Bf3 Qf8 24.Nf1 Qg7 25.h4 h6 26.Kf2 g5 27.hxg5 hxg5 28.Nh2 Kf8 29.Qd2 Ke7
30.Bxa5  1/2-1/2

[Event "VISA Nordic GP fin"]
[Site "Gentofte"]
[Date "1999.08.19"]
[Round "12"]
[White "Gausel, Einar"]
[Black "Agdestein, Simen"]
[Result "0-1"]
[WhiteElo "2500"]
[BlackElo "2580"]

1.d4 Nf6 2.Nf3 e6 3.g3 d5 4.c4 Be7 5.Bg2 O-O 6.O-O c6 7.Qc2 a5 8.Bf4 Nbd7
9.Rd1 Nh5 10.b3 Nxf4 11.gxf4 b6 12.Nbd2 Bb7 13.cxd5 cxd5 14.Qb2 Bd6 15.e3 Qe7
16.a3 f6 17.h3 e5 18.dxe5 fxe5 19.fxe5 Nxe5 20.Qd4 Rf6 21.Ng5 Nf7 22.Ndf3 Rf8
23.Qd3 g6 24.Ra2 Bxa3 25.Nxf7 R6xf7 26.Rxa3 Qxa3 27.Ne5 Rg7 28.Bxd5+ Bxd5
29.Qxd5+ Kh8 30.Rd4 Qc5 31.Qe4 Qc3 32.Qb1 Rc7 33.Nd3 Qc2 34.Qa1 Kg8 35.Kg2 Qxb3
36.Nf4 g5 37.Nh5 Rcf7 38.Rd2 Qe6 39.Qd4 Qc6+ 40.e4 Qc5 41.Qb2 a4 42.f3 Qe3
43.Rf2 Qxe4  0-1

[Event "Abu Dhabi Masters op"]
[Site "Abu Dhabi"]
[Date "1999.08.21"]
[Round "1"]
[White "Maherramzade, Javad"]
[Black "Ahmed, Haseeb"]
[Result "1-0"]
[WhiteElo "2422"]
[BlackElo "2270"]

1.d4 d5 2.Nf3 Nf6 3.c4 e6 4.g3 Be7 5.Bg2 c6 6.O-O Ne4 7.b3 f5 8.Ba3 Nd7 9.Qc1 O-O
10.e3 Bxa3 11.Nxa3 Qf6 12.Nc2 g5 13.Nb4 f4 14.exf4 gxf4 15.Nd3 fxg3 16.fxg3 Qg7
17.Qe3 Ndf6 18.Nfe5 Bd7 19.Rf4 Nd6 20.Nxd7 Qxd7 21.Nc5 Qf7 22.Raf1  1-0

[Event "BIH-chT"]
[Site "Bihac"]
[Date "1999.08.22"]
[Round "2"]
[White "Cvitan, Ognjen"]
[Black "Fercec, Nenad"]
[Result "1-0"]
[WhiteElo "2511"]
[BlackElo "2476"]

1.Nf3 Nf6 2.c4 e6 3.g3 d5 4.d4 Be7 5.Bg2 O-O 6.O-O dxc4 7.Qc2 Bd7 8.Ne5 Bc6
9.Nxc6 Nxc6 10.e3 Na5 11.Bd2 c5 12.Qa4 Nc6 13.dxc5 Bxc5 14.Qxc4 Bb6 15.Rd1 Rc8
16.Qa4 Qe7 17.Na3 a6 18.Rac1 Nd5 19.Nc2 Rfd8 20.a3 h6 21.Be1 Ne5 22.Qb3 Ba7
23.Nb4 Nb6 24.Rxc8 Rxc8 25.Nd3 Nxd3 26.Qxd3 Na4 27.b3 Nc5 28.Qc2 Rd8 29.b4 Rxd1
30.Qxd1 Nd7 31.Bxb7 a5 32.Qa4 Nb6 33.Qc6 axb4 34.Bxb4 Qf6 35.Bc5 Qb2  1-0

[Event "Pyramiden Franken Cup"]
[Site "Fuerth"]
[Date "1999.08.24"]
[Round "4"]
[White "Hirn, Oskar"]
[Black "Doettling, Fabian"]
[Result "0-1"]
[WhiteElo "2276"]
[BlackElo "2475"]

1.d4 d5 2.Nf3 Nf6 3.c4 e6 4.g3 Be7 5.Bg2 O-O 6.O-O Nbd7 7.Qc2 c6 8.Rd1 b5
9.b3 bxc4 10.bxc4 Ba6 11.Nbd2 Qa5 12.Bb2 Rab8 13.Bc3 Qa3 14.Ne5 Nxe5 15.dxe5 Nd7
16.Rab1 Nb6 17.cxd5 cxd5 18.e4 Rbc8 19.Rb3 Qa4 20.Qb1 Rfd8 21.Bb4 Bxb4 22.Rxb4 Qa5
23.exd5 Nxd5 24.Rh4 h6 25.Nb3 Qc7 26.Bxd5 Rxd5 27.Rxd5 exd5 28.e6 fxe6 29.Qg6 Qe5
30.Kg2 Rf8 31.Rf4 Rxf4 32.gxf4 Qf6 33.Qxf6 gxf6 34.Nc5 Bc4 35.a3 Kf7 36.Kf3 Ke7
37.Ke3 Bb5 38.Nb3 Kd6 39.Nd2 Bd7 40.h4 Kc5 41.Kd3 e5 42.fxe5 fxe5  0-1

[Event "ESP-ch"]
[Site "Palencia"]
[Date "1999.08.24"]
[Round "6"]
[White "Pol Valveny, Ramon"]
[Black "Cardenas Valero, Joaquin"]
[Result "0-1"]
[WhiteElo "2075"]
[BlackElo "2252"]

1.d4 d5 2.c4 e6 3.g3 Nf6 4.Nf3 Be7 5.Bg2 O-O 6.O-O c6 7.Nbd2 Nbd7 8.Qc2 Nb6
9.b3 dxc4 10.Nxc4 Nbd5 11.e4 Nb4 12.Qe2 b5 13.Nce5 Bb7 14.Bb2 h6 15.Rfd1 Qb6
16.a3 Na6 17.b4 Rad8 18.Rac1 Nb8 19.Rd2 a5 20.Nd3 Qa7 21.Nfe5 Nfd7 22.Nxd7 Nxd7
23.d5 cxd5 24.exd5 Bg5 25.Nf4 Bxd5 26.Nxd5 exd5 27.Bd4 Qa6 28.Be3 Bxe3 29.Qxe3 Nf6
30.Rc5 axb4 31.axb4 Qa1+ 32.Bf1 Ne4 33.Rdxd5 Nxc5 34.Qxc5 Rb8 35.Kg2 Qa8
36.Kg1 Rfc8 37.Qd6 Rd8  0-1

[Event "Abu Dhabi Masters op"]
[Site "Abu Dhabi"]
[Date "1999.08.25"]
[Round "5"]
[White "Anastasian, Ashot"]
[Black "Bagirov, Rufat"]
[Result "1-0"]
[WhiteElo "2545"]
[BlackElo "2471"]

1.c4 e6 2.d4 d5 3.Nf3 Nf6 4.g3 Be7 5.Bg2 O-O 6.O-O dxc4 7.Qc2 a6 8.a4 Bd7
9.Ne5 Bc6 10.Nxc6 Nxc6 11.e3 Na5 12.Nd2 c5 13.dxc5 Qd3 14.Qxd3 cxd3 15.b4 Nc6
16.Ba3 Nd5 17.Bxd5 exd5 18.Nb3 d4 19.e4 f5 20.exf5 Rad8 21.f4 Rxf5 22.Rad1 g5
23.Rxd3 gxf4 24.gxf4 Kf7 25.Kg2 Bf6 26.Nd2 Rg8+ 27.Rg3 Re8 28.Nc4 Re2+ 29.Kf3 d3
30.Kg4 h5+ 31.Kh3 Rd5 32.b5 axb5 33.axb5 Ne7 34.c6 bxc6 35.b6 Ke6 36.Rb1 Rb5
37.Rxb5 cxb5 38.b7 Nc6 39.Rxd3 bxc4 40.Rd6+ Kf5 41.Rxc6 Re3+ 42.Kg2 Rb3 43.Rc7 c3
44.Bc1 Ke4 45.Kf2 Bd4+ 46.Ke2 Ba7 47.Re7+ Kf5 48.Kd3 h4 49.Kc2 Rb5 50.h3 Bd4
51.Kd3 Bf6 52.Rh7 Ke6 53.Be3 Rb2 54.Rc7 c2 55.Kd2 Bc3+ 56.Kc1  1-0

[Event "Pyramiden Franken Cup"]
[Site "Fuerth"]
[Date "1999.08.25"]
[Round "5"]
[White "Hammes, Michael"]
[Black "Hoffmann, Michael"]
[Result "1/2-1/2"]
[WhiteElo "2360"]
[BlackElo "2439"]

1.d4 Nf6 2.c4 e6 3.g3 d5 4.Nf3 Be7 5.Bg2 O-O 6.O-O dxc4 7.Qc2 a6 8.Qxc4 b5
9.Qc2 Bb7 10.Bd2 Be4 11.Qc1 Nbd7  1/2-1/2

[Event "EU-ch U16"]
[Site "Litohoto"]
[Date "1999.09.03"]
[Round "1"]
[White "Jirka, Jiri"]
[Black "Rainfray, Arnaud"]
[Result "1-0"]
[WhiteElo "2161"]
[BlackElo "2422"]

1.d4 d5 2.Nf3 Nf6 3.g3 e6 4.Bg2 Be7 5.c4 O-O 6.O-O dxc4 7.Nbd2 b5 8.Ne5 Nd5
9.e4 Nf6 10.a4 c6 11.d5 cxd5 12.exd5 exd5 13.axb5 Bd7 14.b6 Qxb6 15.Ndxc4 Qb7
16.Bg5 Be6 17.Ne3 Rd8 18.Qa4 h6 19.Bxf6 Bxf6 20.N5g4 Nd7 21.Rad1 Qxb2 22.Nxd5 Bxg4
23.Qxg4 Rab8 24.Rfe1 Nc5 25.Re2 h5 26.Qc4 Qa3 27.Ra2 Qb3 28.Qxb3 Nxb3 29.Rxa7 Bd4
30.Ra3 Bc5 31.Ra2 Kf8 32.Rc2 Rd6 33.Rb1 g5 34.Rxc5 Kg7 35.Rc3  1-0

[Event "POR-ch"]
[Site "Lisbon"]
[Date "1999.09.09"]
[Round "2"]
[White "Frois, Antonio"]
[Black "Charneira, Hermenegildo"]
[Result "1-0"]
[WhiteElo "2397"]
[BlackElo "2197"]

1.Nf3 d5 2.d4 Nf6 3.c4 e6 4.g3 Be7 5.Bg2 O-O 6.O-O c5 7.cxd5 exd5 8.dxc5 Ne4
9.Be3 Nxc5 10.Nc3 Be6 11.Rc1 Nc6 12.Nd4 Qa5 13.Nxe6 fxe6 14.Nxd5 exd5 15.Bxc5 Bxc5
16.Qxd5+ Kh8 17.Rxc5 Qb6 18.Rb5 Qa6 19.e3 Rad8 20.Qc5 Rf6 21.Bxc6 bxc6 22.Qe7 Rg8
23.Rb7 Qxa2 24.Rd1 Qa5 25.Rxa7 Qf5 26.Rd2 h6 27.Rad7 Kh7 28.R7d6 Rgf8 29.Rxf6 Rxf6
30.Qb4 c5 31.Qc4 g6 32.Qd3 Qf3 33.Qd5 Qxd5 34.Rxd5 Rc6 35.Rd7+ Kg8 36.Kg2 Kf8
37.g4 Ke8 38.Rd5 Ke7 39.Kf3 Ke6 40.Ke4 Rb6 41.Rxc5 Rb4+ 42.Kf3 Rxb2 43.Rc6+ Kf7
44.h4  1-0

[Event "Wch U20"]
[Site "Yerevan"]
[Date "1999.09.30"]
[Round "13"]
[White "Pert, Nicholas"]
[Black "Asrian, Karen"]
[Result "0-1"]
[WhiteElo "2425"]
[BlackElo "2575"]

1.d4 d5 2.c4 e6 3.Nf3 Nf6 4.g3 Be7 5.Bg2 O-O 6.O-O dxc4 7.Qc2 a6 8.a4 Bd7
9.Rd1 Bc6 10.Nc3 Bxf3 11.Bxf3 Nc6 12.Bxc6 bxc6 13.a5 Qb8 14.Ra4 Qb3 15.Qxb3 cxb3
16.Rc4 c5 17.dxc5 Rfd8 18.Rxd8+ Rxd8 19.Bf4 Nd5 20.Nxd5 Rxd5 21.Rc3 e5 22.Be3 Kf8
23.Kg2 Ke8 24.Kf3 f5 25.Rxb3 e4+ 26.Kg2 Bxc5 27.Rb8+ Ke7 28.Bg5+ Kd7 29.Ra8 h6
30.Bc1 Rd1 31.Bf4 g5 32.Be5 Rd2 33.Kf1 Rd1+ 34.Kg2 Rd2 35.Kf1 e3 36.Bf6 g4
37.fxe3 Bxe3 38.Rd8+ Kc6 39.Rd3 Rxd3 40.exd3 Bd2 41.Ke2 Bxa5 42.Bg7 h5 43.Ke3 Kd5
44.Kf4 Ke6 45.Kg5 Bb6 46.Kxh5 Bg1 47.Kh4 Bxh2 48.Bd4 c6 49.Be3 Ke5 50.Bb6 Kd5
51.Be3 Ke6 52.b3 Ke5 53.Bb6 Kd5 54.Kg5 Bxg3 55.Kxf5 Bd6 56.Kxg4 Bc5 57.Ba5 Kd4
58.Kf5 Kxd3 59.Ke6 Ba3 60.Kd7 c5 61.Kc6 Kc2 62.Bb6 Kxb3 63.Kb7 c4 64.Kxa6 c3
65.Be3 c2 66.Kb5 Bb2 67.Bg5 Ka2 68.Kc4 Kb1 69.Kb3 Bc1 70.Be7 Bh6 71.Ba3 Bg7
72.Kc4 Bb2  0-1

[Event "ISL-ch"]
[Site "Reykjavik"]
[Date "1999.09.31"]
[Round "1"]
[White "Gretarsson, Helgi Ass"]
[Black "Bjornsson, Sigurbjorn"]
[Result "1-0"]
[WhiteElo "2521"]
[BlackElo "2254"]

1.d4 d5 2.Nf3 e6 3.g3 Nf6 4.Bg2 Be7 5.c4 O-O 6.O-O dxc4 7.Nc3 Nbd7 8.e4 Nb6
9.Qe2 c5 10.dxc5 Bxc5 11.Ne5 Bd7 12.Rd1 Qe7 13.Bg5 h6 14.Bxf6 gxf6 15.Ng4 Kg7
16.e5 f5 17.Nf6 Bc6 18.g4 Rfd8 19.Bxc6 bxc6 20.gxf5 exf5 21.Kh1 Kf8 22.Qh5 Rxd1+
23.Rxd1 Qxe5 24.Qxh6+ Ke7 25.Qh4 Bxf2 26.Nfd5+ Kf8 27.Qh6+ Ke8 28.Qxc6+  1-0

[Event "SLO-ch"]
[Site "Kranj"]
[Date "1999.10.06"]
[Round "5"]
[White "Raspor, Gregor"]
[Black "Cepon, Dusan"]
[Result "0-1"]
[WhiteElo "2225"]
[BlackElo "2212"]

1.Nf3 Nf6 2.c4 e6 3.g3 d5 4.d4 Be7 5.Bg2 O-O 6.O-O Nbd7 7.Nc3 c6 8.b3 Ne4
9.Nxe4 dxe4 10.Nd2 f5 11.Bb2 Bf6 12.Qc2 e5 13.d5 c5 14.b4 b6 15.bxc5 bxc5
16.Rfd1 a5 17.Bc3 h5 18.Rab1 h4 19.Qa4 Ra6 20.Nb3 e3 21.fxe3 hxg3 22.hxg3 e4
23.Bxf6 Qxf6 24.Nd2 Qg5 25.Nf1 Rg6 26.Qxa5 Ne5 27.Qxc5 f4 28.exf4 Rxf4 29.Qxc8+ Rf8
30.Qc5 e3 31.Nxe3 Qxg3 32.Rf1 Re8 33.Rf2 Nd7 34.Qb4 Rb8 35.Qxb8+ Nxb8 36.Rxb8+ Qxb8
37.c5 Qb4 38.c6 Qc5 39.Nf1  0-1

[Event "World Cities-ch 2nd"]
[Site "Shenyang"]
[Date "1999.10.06"]
[Round "5"]
[White "Filippov, Valerij"]
[Black "Liang Chong"]
[Result "1-0"]
[WhiteElo "2605"]
[BlackElo "2412"]

1.Nf3 Nf6 2.c4 e6 3.g3 d5 4.d4 Be7 5.Bg2 O-O 6.O-O c6 7.Qc2 b6 8.Rd1 Ba6
9.b3 Nbd7 10.Nbd2 b5 11.c5 b4 12.e4 Nxe4 13.Nxe4 dxe4 14.Qxe4 Nxc5 15.Qc2 Nd7
16.Ne5 Nxe5 17.dxe5 Qc7 18.Qxc6 Qxc6 19.Bxc6 Rac8 20.Be4 Bb5 21.Be3 Bc5 22.Bb7 Rc7
23.Rac1 Rxb7 24.Bxc5 Rfb8 25.Bxb4 Be2 26.Rd4 Bf3 27.Bd6 Rd8 28.Rc3 Bd5 29.f4 h6
30.Kf2 Kh7 31.Ke3 Kg6 32.Ra4 h5 33.b4 Ra8 34.Ra6 Rb6 35.Ra5 a6 36.a4 Bg2
37.Rc7 Bf1 38.b5 Bg2 39.Bc5 Rb7 40.b6 Kf5 41.Bd4 Kg4 42.Rac5 Rxb6 43.Rxf7 Rb3+
44.Rc3 Rxc3+ 45.Bxc3 Kh3 46.Rxg7 Kxh2 47.f5 exf5 48.e6 Rc8 49.Be5 Rc4 50.g4+ Kh3
51.gxh5 Re4+ 52.Kf2 Rxe5 53.Rg3+ Kh4 54.h6 Rxe6 55.h7 Rh6 56.Kxg2  1-0

[Event "Bundesliga 9900"]
[Site "Germany"]
[Date "1999.10.09"]
[Round "1"]
[White "Hackel, Mario"]
[Black "Vaganian, Rafael A"]
[Result "0-1"]
[WhiteElo "2353"]
[BlackElo "2617"]

1.d4 e6 2.c4 d5 3.Nf3 Nf6 4.g3 Be7 5.Bg2 O-O 6.O-O Nbd7 7.Qc2 c6 8.Rd1 b6
9.a4 Ba6 10.b3 Rc8 11.a5 b5 12.c5 b4 13.Bd2 Bxe2 14.Re1 Ba6 15.Bxb4 Ne4 16.Ne5 Nxe5
17.dxe5 Rb8 18.Ba3 f5 19.b4 Qc7 20.Nd2 Qxe5 21.Nf3 Qc7 22.Nd4 Qd7 23.f3 Bf6
24.Rad1 Ng5 25.h4 Bxd4+ 26.Rxd4 Nf7 27.f4 Rbe8 28.Bh3 e5 29.Rdd1 g6 30.Bb2 Qc7
31.Bg2 Re7 32.fxe5 Rfe8 33.Qc3 Re6 34.Qd4 h5 35.Re3 Nh6 36.Ree1 Kh7 37.Rd2 Ng4
38.Kh1 Rxe5 39.Rc1 Re1+ 40.Bf1  0-1

[Event "BUL-GRE (Women)"]
[Site "Corfu"]
[Date "1999.10.13"]
[Round "2"]
[White "Voiska, Margarita"]
[Black "Fakhiridou, Ekaterini"]
[Result "1/2-1/2"]
[WhiteElo "2369"]
[BlackElo "2262"]

1.d4 d5 2.c4 e6 3.Nf3 Nf6 4.g3 Be7 5.Bg2 O-O 6.O-O c6 7.Qc2 Nbd7 8.Nbd2 b6
9.e4 dxe4 10.Nxe4 Bb7 11.Rd1 Nxe4 12.Qxe4 Nf6 13.Qc2 Qc7 14.Bf4 Bd6 15.Be5 Rfd8
16.b4 Bxe5 17.dxe5 Nd7 18.Ng5 Nf8 19.Qb2 c5 20.Bxb7 Qxb7 21.bxc5 h6 22.Nh3 Rxd1+
23.Rxd1 Qf3 24.Qb3 Qf5 25.Nf4 bxc5 26.Qb7 Qc2 27.Rd6 Re8 28.Qb5 Rc8 29.Qb7 Re8
30.Qb5 Rc8 31.Qb7 Re8 32.Qb5 Rc8 33.Qb7  1/2-1/2

[Event "Wichern op 5th"]
[Site "Hamburg"]
[Date "1999.10.15"]
[Round "1"]
[White "Dunsbach, Ralf"]
[Black "Schmitz Jordan, Juergen"]
[Result "0-1"]
[WhiteElo "2234"]
[BlackElo "1843"]

1.Nf3 Nf6 2.c4 e6 3.g3 d5 4.d4 Be7 5.Bg2 O-O 6.O-O Nbd7 7.Qc2 Re8 8.Rd1 c6
9.b3 b6 10.Bb2 Ba6 11.Nbd2 Rc8 12.Ne5 c5 13.e4 cxd4 14.Nxd7 Qxd7 15.Bxd4 b5
16.c5 e5 17.Bxe5 Bxc5 18.Qb2 Bxf2+ 19.Kh1 Nh5 20.exd5 Qf5 21.Nf3 Rc2 22.Qb1 Rxe5
23.Nh4 Nxg3+ 24.hxg3 Qh5 25.Qxc2 Bxg3 26.Rd4 Bxh4 27.Kg1 Bg3 28.Qd3 Qh2+
29.Kf1 b4 30.Rc4 Bxc4 31.bxc4 g6 32.d6 Rf5+ 33.Qxf5 gxf5 34.d7 Bc7 35.Rd1 Qf4+  0-1

[Event "ARM-ch"]
[Site "Yerevan"]
[Date "1999.10.17"]
[Round "2"]
[White "Sargissian, Gabriel"]
[Black "Asrian, Karen"]
[Result "1/2-1/2"]
[WhiteElo "2470"]
[BlackElo "2575"]

1.d4 d5 2.c4 e6 3.Nf3 Nf6 4.g3 Be7 5.Bg2 O-O 6.O-O c6 7.Qc2 b6 8.b3 Nbd7
9.Bb2 Bb7 10.Nbd2 Rc8 11.Rac1 b5 12.c5 b4 13.Ne1 a5 14.Nd3 Ne8 15.Ra1 Ba6
16.f4 Bf6 17.a3 Bxd3 18.exd3 g6 19.axb4 axb4 20.Ra4 Ng7 21.Bh3 Rb8 22.Nf3 Qc7
23.Rfa1 Nf5 24.Qd2 Rb7 25.Bxf5 exf5 26.Rxb4 Rxb4 27.Qxb4 Rb8 28.Qc3 Qb7 29.Ra3 Nf8
30.Ne5 Ne6 31.Qd2 Bxe5 32.fxe5 Kg7 33.Bc3 h5 34.b4 h4 35.Ra5 hxg3 36.hxg3 Rh8
37.Qf2 Ng5 38.Qe3 f4 39.gxf4 Rh3 40.Qe2 Nf3+ 41.Kg2 Qc8 42.Qxf3 Rxf3 43.Kxf3 Qh3+
44.Ke2 Qh2+ 45.Ke3 Qg3+ 46.Ke2 Qxf4 47.b5 cxb5 48.Rxb5 g5 49.c6 g4 50.c7 Qf3+
51.Kd2 g3 52.Kc2 Qg4 53.Rb1 Qd7 54.Rg1 Qxc7 55.Rxg3+ Kf8 56.Rf3 Ke8 57.Rf6 Qd7
58.Rb6 Qa4+ 59.Kb2 Qd1 60.Bb4 Qe2+ 61.Kc3 Qe1+ 62.Kc2 Qf2+ 63.Kc3  1/2-1/2

[Event "EU-ch U20"]
[Site "Patras"]
[Date "1999.10.18"]
[Round "13"]
[White "Mastrovasilis, Athanasios"]
[Black "Petrik, Tomas"]
[Result "1-0"]
[WhiteElo "2345"]
[BlackElo "2296"]

1.d4 Nf6 2.c4 e6 3.g3 d5 4.Bg2 Be7 5.Nf3 O-O 6.Qc2 c5 7.dxc5 Na6 8.O-O dxc4
9.Na3 Nxc5 10.Nxc4 Nd5 11.Bd2 f5 12.Rfd1 Ne4 13.Be1 Qc7 14.Rac1 b6 15.Nd4 Nef6
16.Qb1 Bc5 17.Nxf5 exf5 18.Rxd5 Be6 19.Rxc5 Qxc5 20.Bxa8 Rxa8 21.b3 Rc8 22.Bd2 Qb5
23.Qd3 Ne4 24.Be3 Qd5 25.Qxd5 Bxd5 26.f3 Nf6 27.Kf2 g6 28.Nxb6 Rxc1 29.Nxd5 Nxd5
30.Bxc1 Kf7 31.Bd2 Ke6 32.e4 fxe4 33.fxe4 Nf6 34.Kf3 a6 35.Bc3 Nd7 36.Bd4 Nb8
37.Kf4 Nc6 38.Bc3 Nd8 39.h4 Nf7 40.a4 Nd6 41.Ke3 Nf7 42.Kd4 Nd6 43.Bb4 Nb7
44.e5 h5 45.Ke4 Nd8 46.Bd6 Nc6 47.b4 Na7 48.Kd4 Nc6+ 49.Kc5 Nd8 50.b5 axb5
51.a5 b4 52.Kxb4 Kd7 53.Kb5  1-0

[Event "EU-ch U20 Girls"]
[Site "Patras"]
[Date "1999.10.18"]
[Round "13"]
[White "Matnadze, Ana"]
[Black "Redondo Arguelles, Graciela"]
[Result "1-0"]
[WhiteElo "2280"]
[BlackElo "2067"]

1.d4 e6 2.g3 Nf6 3.Bg2 d5 4.Nf3 Be7 5.c4 O-O 6.Nc3 Nbd7 7.O-O b6 8.Ne5 Bb7
9.Qa4 Nb8 10.Rd1 c6 11.e4 Qc8 12.Bg5 dxc4 13.Qxc4 c5 14.d5 exd5 15.exd5 Nbd7
16.Nc6 Re8 17.Bf4 Bf8 18.Nb5 Ba6 19.a4 Nh5 20.d6 Nxf4 21.Qxf4 Bxb5 22.axb5 a5
23.Bd5 Nf6 24.Bxf7+ Kxf7 25.d7 Qb7 26.dxe8=Q+  1-0

[Event "ARM-ch"]
[Site "Yerevan"]
[Date "1999.10.20"]
[Round "5"]
[White "Nalbandian, Tigran"]
[Black "Sargissian, Gabriel"]
[Result "1/2-1/2"]
[WhiteElo "2445"]
[BlackElo "2470"]

1.d4 d5 2.Nf3 Nf6 3.c4 e6 4.g3 Be7 5.Bg2 O-O 6.O-O dxc4 7.Na3 Bxa3 8.bxa3 Bd7
9.Ne5 Bc6 10.Nxc6 Nxc6 11.Bb2 Nd5 12.Rc1 Nb6 13.e3 Qd6 14.Qc2 Rab8 15.Rfd1 f5
16.Bf1 Ne7 17.a4 Qb4 18.Bc3 Qxa4 19.Qxa4 Nxa4 20.Bxc4 Nd5 21.Ba1 Nab6 22.Bd3 Nc8
23.Kf1 Nd6 24.Ke2 c6 25.f3 Nf6 26.Rc5 Kf7 27.Rb1 Ke7 28.Ra5 a6 29.h3 Kd7
30.g4 g6 31.Bc3 Ra8 32.Bb4 Rf7 33.Bd2 b5 34.a4 Rff8 35.axb5 axb5 36.Rba1 Rxa5
37.Rxa5 Nb7 38.Ra7 Kc7 39.e4 fxe4 40.fxe4 Nd7 41.e5 Kb6 42.Ra1 c5 43.Be3 cxd4
44.Bxd4+ Nbc5 45.Rb1 Kc7 46.Bxb5 Rb8 47.Rb2 Kd8 48.Bc4 Rxb2+ 49.Bxb2 Nb6
50.Ba2 Nd5 51.Kf3 Nd3 52.Bd4 g5 53.Bc4 N3f4 54.Bf1 Ke7 55.Ke4 Kf7 56.Bf2 Ng6
57.Be1 h6 58.Bd2 Ndf4 59.Be1 Nd5 60.Bd2  1/2-1/2

[Event "Wichern op 5th"]
[Site "Hamburg"]
[Date "1999.10.21"]
[Round "8"]
[White "Rustemov, Alexander"]
[Black "Bauer, Christian"]
[Result "0-1"]
[WhiteElo "2573"]
[BlackElo "2490"]

1.d4 e6 2.c4 Nf6 3.g3 d5 4.Bg2 Be7 5.Nf3 O-O 6.O-O dxc4 7.Qc2 a6 8.a4 Bd7
9.Qxc4 Bc6 10.Bg5 Bd5 11.Qd3 c5 12.Nc3 Bc6 13.Rfd1 cxd4 14.Qxd4 Qxd4 15.Nxd4 Bxg2
16.Kxg2 Nbd7 17.e4 Rac8 18.f3 h6 19.Be3 Ne5 20.Bf2 Rfd8 21.Rac1 Bb4 22.Na2 Rxc1
23.Nxc1 g5 24.h3 h5 25.g4 hxg4 26.hxg4 Nh7 27.Nce2 Be7 28.b3 Nf8 29.Be3 Nfg6
30.Kf2 Nh4 31.Bd2 f6 32.b4 Kf7 33.a5 Nc4 34.Be1 e5 35.Rc1 Nb2 36.Rc7 exd4
37.Bd2 Nd3+ 38.Kg3 Ke6 39.e5 Nxe5 40.f4 d3 41.Ng1 gxf4+ 42.Kxf4 Bd6 43.Rxb7 Nc4+  0-1

[Event "Bayern-ch Bank Hofmann 3rd"]
[Site "Bad Wiessee"]
[Date "1999.10.23"]
[Round "?"]
[White "Volzhin, Alexander"]
[Black "Gaprindashvili, Valerian"]
[Result "1-0"]
[WhiteElo "2569"]
[BlackElo "2390"]

1.g3 Nf6 2.Bg2 e6 3.c4 d5 4.Nf3 Be7 5.d4 O-O 6.O-O c6 7.Nc3 b6 8.Ne5 Nbd7
9.cxd5 exd5 10.Nxd5 Nxe5 11.dxe5 Ba6 12.Nxe7+ Qxe7 13.Bf4 Rfd8 14.Qc2 Nd7
15.Bxc6 g5 16.e6 Rac8 17.Bc7 Qe8 18.exf7+  1-0

[Event "Wch U16"]
[Site "Oropesa del Mar"]
[Date "1999.10.29"]
[Round "6"]
[White "Neiksans, Arthur"]
[Black "Azarov, Sergei"]
[Result "1-0"]
[WhiteElo "2378"]
[BlackElo "2432"]

1.d4 d5 2.Nf3 Nf6 3.g3 e6 4.Bg2 Be7 5.c4 c6 6.O-O O-O 7.Qc2 Nbd7 8.b3 b6
9.Rd1 Bb7 10.Nc3 Rc8 11.e4 c5 12.exd5 exd5 13.Bb2 dxc4 14.d5 Ne8 15.Nb5 Ra8
16.d6 Bf6 17.Ng5 Bxg5 18.Bxb7 Rb8 19.Bg2 Bf6 20.Nxa7 cxb3 21.axb3 Bxb2 22.Qxb2 Qf6
23.Qe2 Kh8 24.Qe7  1-0